[Event "Politiken Cup 2012"]
[Site "Helsingør "]
[Date "2012.07.28"]
[Round "1.82"]
[White "Kyrkjebo, Eirik"]
[Black "Hoyer, Jacob"]
[Result "0-1"]
[WhiteElo "1724"]
[BlackElo "2141"]
[PlyCount "64"]
[EventDate "2012.07.28"]

1. e4 c6 2. d4 d5 3. e5 c5 4. dxc5 Nc6 5. Bb5 e6 6. Be3 Nh6 7. c3 Nf5 8. Bd4 h5
9. Nf3 Qc7 10. O-O Bd7 11. Bxc6 Bxc6 12. b4 Be7 13. a4 a6 14. Qb3 O-O 15. Nbd2
Rad8 16. b5 Be8 17. Rfe1 Bxc5 18. Rab1 Rc8 19. h3 axb5 20. axb5 Qb6 21. Qa4 Bd7
22. Bxc5 Rxc5 23. c4 Rfc8 24. cxd5 Rxd5 25. Nc4 Qc5 26. Na3 Rd3 27. Rb3 Rxb3
28. Qxb3 Ra8 29. Ra1 Bxb5 30. Rb1 Bc6 31. Nc4 Bd5 32. Qb6 Qxc4 0-1

[Event "Politiken Cup 2012"]
[Site "Helsingør "]
[Date "2012.07.28"]
[Round "1.83"]
[White "Inhoven, Stefan"]
[Black "Satre, Mathias"]
[Result "1-0"]
[WhiteElo "2140"]
[BlackElo "1722"]
[PlyCount "65"]
[EventDate "2012.07.28"]

1. c4 e5 2. g3 Nc6 3. Bg2 g6 4. Nc3 Bg7 5. e4 d6 6. Nge2 Be6 7. d3 Qd7 8. Nd5
Nce7 9. h4 c6 10. Nxe7 Nxe7 11. h5 gxh5 12. Be3 c5 13. Rxh5 O-O-O 14. Qd2 f5
15. Bg5 Rdf8 16. Bxe7 Qxe7 17. Nc3 f4 18. O-O-O Qd7 19. Rdh1 fxg3 20. fxg3 Bf6
21. Kb1 Qg7 22. Bh3 Bxh3 23. R1xh3 Kb8 24. Qh6 Rfg8 25. Rf5 Be7 26. Qe6 Qg4 27.
Rhh5 Re8 28. Kc2 Qg6 29. Qd7 Rhf8 30. Rxf8 Bxf8 31. Rxh7 Be7 32. Rxe7 Rxe7 33.
Qd8# 1-0

[Event "Politiken Cup 2012"]
[Site "Helsingør "]
[Date "2012.07.28"]
[Round "1.85"]
[White "Hagen, Anders Gjerdrum"]
[Black "Hedlerfog, Robert"]
[Result "1-0"]
[WhiteElo "2130"]
[BlackElo "1714"]
[PlyCount "95"]
[EventDate "2012.07.28"]

1. d4 Nf6 2. c4 e6 3. Nf3 d5 4. Nc3 Bb4 5. Qa4+ Nc6 6. Bg5 Bxc3+ 7. bxc3 Bd7 8.
Qc2 h6 9. Bh4 g5 10. Bg3 Ne4 11. Nd2 Nxg3 12. hxg3 Ne7 13. Rb1 Bc6 14. cxd5
exd5 15. e3 Qd7 16. Nb3 Ba4 17. Bd3 a6 18. Qe2 Bxb3 19. axb3 Qc6 20. Rc1 O-O-O
21. Qf3 Rhf8 22. g4 Rd6 23. Bf5+ Kb8 24. Qe2 Rf6 25. Bd3 Qb6 26. Rb1 Rc6 27. c4
Qb4+ 28. Qd2 Qxd2+ 29. Kxd2 Rf6 30. f3 c6 31. Rh5 dxc4 32. bxc4 b5 33. e4 Ng8
34. d5 Rd8 35. e5 Rf4 36. Be4 cxd5 37. cxd5 Rxd5+ 38. Bxd5 Rd4+ 39. Ke3 Rxd5
40. Ke4 Rd2 41. g3 Re2+ 42. Kf5 Kc7 43. f4 Ne7+ 44. Kf6 Nd5+ 45. Kxf7 gxf4 46.
e6 Kd6 47. Rd1 Re5 48. gxf4 1-0

[Event "Politiken Cup 2012"]
[Site "Helsingør "]
[Date "2012.07.28"]
[Round "1.86"]
[White "Hansen, Anders"]
[Black "Nielsen, Jan Mose"]
[Result "0-1"]
[WhiteElo "1711"]
[BlackElo "2130"]
[PlyCount "42"]
[EventDate "2012.07.28"]

1. b3 c5 2. Bb2 Nc6 3. Nf3 Nf6 4. g3 d5 5. Bg2 e6 6. O-O h5 7. d3 Qc7 8. Re1 h4
9. e4 hxg3 10. fxg3 d4 11. Nbd2 e5 12. Rf1 Ng4 13. Nh4 Ne3 14. Qf3 Nxf1 15.
Rxf1 Be6 16. a3 O-O-O 17. Qf2 g6 18. Nhf3 Bh6 19. Kh1 Be3 20. Qe2 Bg4 21. Nc4
Rxh2+ 0-1

[Event "Politiken Cup 2012"]
[Site "Helsingør "]
[Date "2012.07.28"]
[Round "1.88"]
[White "Ananthan, Arunn"]
[Black "Nielsen, Michael"]
[Result "0-1"]
[WhiteElo "1696"]
[BlackElo "2127"]
[PlyCount "92"]
[EventDate "2012.07.28"]

1. e4 c5 2. Nf3 Nc6 3. d4 cxd4 4. Nxd4 Nf6 5. Nc3 e5 6. Ndb5 d6 7. Bg5 a6 8.
Na3 b5 9. Nd5 Be7 10. Nxe7 Nxe7 11. f3 Be6 12. c4 O-O 13. cxb5 d5 14. exd5
Nexd5 15. Be2 axb5 16. Bxb5 Rxa3 17. bxa3 Qa5+ 18. Bd2 Qxb5 19. Qe2 Qb6 20. Qf2
Qb5 21. Qe2 Qb2 22. O-O Nf4 23. Qf2 Qxa3 24. Bxf4 exf4 25. Qd2 Nd5 26. Rab1 h6
27. Rb5 Ne3 28. Rfb1 Qxa2 29. Qxa2 Bxa2 30. R1b2 Be6 31. Rb8 g6 32. Rxf8+ Kxf8
33. Rb4 Nd5 34. Rd4 Ke7 35. g3 Kf6 36. Kf2 Ke5 37. Re4+ Kf5 38. Ra4 h5 39. Ra5
g5 40. Ra8 Nf6 41. Ra5+ Bd5 42. Ra6 g4 43. fxg4+ Nxg4+ 44. Kg1 f3 45. Ra5 Ke4
46. h3 f2+ 0-1

[Event "Politiken Cup 2012"]
[Site "Helsingør "]
[Date "2012.07.28"]
[Round "1.89"]
[White "Brorsen, Jacob Abildlund"]
[Black "Kristensen, Lars Ostergaard"]
[Result "1-0"]
[WhiteElo "2121"]
[BlackElo "1695"]
[PlyCount "85"]
[EventDate "2012.07.28"]

1. d4 d5 2. c4 e6 3. Nc3 c5 4. cxd5 exd5 5. Nf3 Nc6 6. g3 Nf6 7. Bg2 Be7 8. O-O
O-O 9. Qa4 c4 10. Bg5 Re8 11. Rfd1 h6 12. Bxf6 Bxf6 13. Ne5 Nxe5 14. dxe5 Rxe5
15. Bxd5 Qb6 16. Qxc4 Be6 17. Bxe6 Rxe6 18. Nd5 Qxb2 19. Rab1 Rc6 20. Qe4 Qe5
21. Qxe5 Bxe5 22. Ne7+ Kf8 23. Nxc6 bxc6 24. Rd7 a5 25. Rbb7 c5 26. Rd5 Re8 27.
Rxc5 Bd4 28. Rc2 Bf6 29. Kg2 Bg5 30. e3 Bf6 31. a4 g5 32. Rcc7 Re7 33. g4 Rxc7
34. Rxc7 Ke8 35. Kf3 Be5 36. Ra7 Bc3 37. h3 Kf8 38. Ke4 Kg7 39. Kf5 Bb4 40. Rb7
Bd2 41. e4 Be1 42. f3 Bd2 43. e5 1-0

[Event "Politiken Cup 2012"]
[Site "Helsingør "]
[Date "2012.07.28"]
[Round "1.90"]
[White "Jensen, Simon Stibolt"]
[Black "ClementssonEn Passant, Jan"]
[Result "0-1"]
[WhiteElo "1687"]
[BlackElo "2115"]
[PlyCount "60"]
[EventDate "2012.07.28"]

1. e4 e6 2. d4 d5 3. exd5 exd5 4. Bd3 Nc6 5. Nf3 Bg4 6. c3 Qf6 7. Be3 Bxf3 8.
Qxf3 Qxf3 9. gxf3 Bd6 10. Nd2 Nge7 11. h4 Ng6 12. Bf5 Nce7 13. Bc2 O-O-O 14.
O-O-O Nf4 15. Rde1 Rde8 16. Kd1 h5 17. a3 c6 18. Reg1 g6 19. c4 dxc4 20. Nxc4
Bc7 21. Nd2 Rd8 22. Re1 Ne6 23. Kc1 Nf5 24. Bb3 Nfxd4 25. Bxd4 Nxd4 26. Bxf7
Bf4 27. Re4 Rhf8 28. Rxf4 Ne2+ 29. Kc2 Nxf4 30. Bc4 b5 0-1

[Event "Politiken Cup 2012"]
[Site "Helsingør "]
[Date "2012.07.28"]
[Round "1.91"]
[White "Jensen, Michael Agermose"]
[Black "Hojgaard, Brandur"]
[Result "0-1"]
[WhiteElo "2113"]
[BlackElo "1686"]
[PlyCount "87"]
[EventDate "2012.07.28"]

1. e4 e5 2. f4 Bc5 3. Nc3 d6 4. Nf3 Nc6 5. Bb5 Bg4 6. Bxc6+ bxc6 7. fxe5 dxe5
8. d3 f6 9. Qe2 Ne7 10. Rf1 Rb8 11. h3 Bc8 12. Nh4 O-O 13. g4 Qd4 14. Nf3 Qd6
15. Na4 Bb6 16. Bd2 Bd7 17. Nxb6 axb6 18. Nh4 Ra8 19. Nf5 Qe6 20. a3 c5 21. h4
b5 22. Qg2 Nxf5 23. gxf5 Qe7 24. Be3 b4 25. Qf2 Ra5 26. Kd2 bxa3 27. Rxa3 Rfa8
28. Bxc5 Qf7 29. Rfa1 Rxa3 30. Rxa3 Rxa3 31. Bxa3 Qa2 32. Qc5 Qf7 33. Qxc7 Qe8
34. Qd6 h6 35. c4 Ba4 36. Qb4 Bd7 37. Qa5 Kh7 38. b4 Qh5 39. c5 Qxh4 40. Kc3
Qe1+ 41. Kc4 Qa1 42. Kb3 Qd1+ 43. Kc3 Ba4 44. Kb2 0-1

[Event "Politiken Cup 2012"]
[Site "Helsingør "]
[Date "2012.07.28"]
[Round "1.93"]
[White "Eriksson, Christian"]
[Black "Joensen, Tor Kristian"]
[Result "1-0"]
[WhiteElo "2106"]
[BlackElo "1683"]
[PlyCount "59"]
[EventDate "2012.07.28"]

1. e4 e5 2. Nf3 Nc6 3. Bb5 Nd4 4. Nxd4 exd4 5. O-O c6 6. Bc4 h5 7. d3 Bc5 8.
Qf3 Qf6 9. Qxf6 Nxf6 10. Bf4 d5 11. exd5 cxd5 12. Bb5+ Kf8 13. Nd2 a6 14. Ba4
b5 15. Bb3 Be6 16. Nf3 Nh7 17. Be5 f6 18. Bxd4 Bd6 19. Nh4 Kf7 20. f4 f5 21. g3
Rac8 22. Rae1 Rhe8 23. Re2 Nf6 24. Nf3 Nh7 25. Rfe1 Rb8 26. Rxe6 Rxe6 27. Bxd5
Rbe8 28. Bxe6+ Rxe6 29. Rxe6 Kxe6 30. Bxg7 1-0

[Event "Politiken Cup 2012"]
[Site "Helsingør "]
[Date "2012.07.28"]
[Round "1.54"]
[White "Jacobsen, Per"]
[Black "Hansen, Morten Moller"]
[Result "0-1"]
[WhiteElo "1680"]
[BlackElo "2095"]
[PlyCount "64"]
[EventDate "2012.07.28"]

1. b3 e5 2. Bb2 d6 3. e3 c6 4. Be2 Nf6 5. Nf3 Be7 6. O-O O-O 7. c4 Bf5 8. Nh4
Be6 9. Nf3 Na6 10. a3 Nd7 11. d4 e4 12. Nfd2 f5 13. Nc3 Nc7 14. Rc1 Bg5 15. Qc2
Rc8 16. a4 Nf6 17. Ba3 Re8 18. Qb2 Bf7 19. d5 f4 20. exf4 Bxf4 21. g3 Be5 22.
f4 Bd4+ 23. Kh1 cxd5 24. cxd5 Ncxd5 25. Bc4 Nxc3 26. Bxf7+ Kxf7 27. Nc4 Nb5 28.
Qd2 e3 29. Qd3 Nxa3 30. Qxd4 Nxc4 31. bxc4 Qd7 32. Rc2 Qxa4 0-1

[Event "Politiken Cup 2012"]
[Site "Helsingør "]
[Date "2012.07.28"]
[Round "1.94"]
[White "Bratholm, Palle"]
[Black "Bratteteig, Tore-Inge"]
[Result "1-0"]
[WhiteElo "2088"]
[BlackElo "1679"]
[PlyCount "79"]
[EventDate "2012.07.28"]

1. e4 e5 2. Nf3 Nc6 3. Bb5 a6 4. Ba4 Nf6 5. O-O Bc5 6. c3 b5 7. Bc2 d6 8. h3
O-O 9. d4 Bb6 10. Bg5 h6 11. Bh4 Bb7 12. a4 Re8 13. Re1 Nb8 14. Qd3 c6 15. Nbd2
Nbd7 16. Bg3 Qc7 17. b4 a5 18. Rec1 Ba6 19. axb5 cxb5 20. Bb3 a4 21. Ba2 Rac8
22. c4 bxc4 23. Bxc4 Bxc4 24. Rxc4 Qa7 25. b5 Rxc4 26. Qxc4 Ra8 27. Qb4 Bc7 28.
Qb2 a3 29. Qc3 a2 30. dxe5 dxe5 31. Nxe5 Ba5 32. Qc2 Bxd2 33. Qxd2 Nxe5 34.
Bxe5 Nxe4 35. Qb2 f6 36. b6 Qb7 37. Bc7 Nc5 38. Rxa2 Na6 39. Qb5 Nxc7 40. bxc7
1-0

[Event "Politiken Cup 2012"]
[Site "Helsingør "]
[Date "2012.07.28"]
[Round "1.96"]
[White "Poulsen, Iver"]
[Black "Svane, Frederik"]
[Result "1-0"]
[WhiteElo "2081"]
[BlackElo "1676"]
[PlyCount "67"]
[EventDate "2012.07.28"]

1. e4 c5 2. Nc3 e6 3. Nf3 d5 4. exd5 exd5 5. d4 cxd4 6. Qxd4 Be6 7. Bg5 Qd7 8.
Bb5 Nc6 9. Qa4 Bd6 10. O-O h6 11. Bh4 g5 12. Bg3 Bxg3 13. hxg3 Nge7 14. Rad1
Qc7 15. Nd4 O-O 16. Rfe1 Qc8 17. Nxe6 fxe6 18. Qg4 Nd8 19. Rd2 Nf5 20. Bd3 Ng7
21. f4 Qc5+ 22. Kh1 Nf7 23. Bg6 h5 24. Bxf7+ Rxf7 25. Qxg5 Rf5 26. Qg6 Re8 27.
Rde2 Qb6 28. Re5 Rxe5 29. Rxe5 Kf8 30. Qf6+ Kg8 31. Rg5 Qc7 32. Nb5 Qf7 33.
Qxf7+ Kxf7 34. Nd6+ 1-0

[Event "Politiken Cup 2012"]
[Site "Helsingør "]
[Date "2012.07.28"]
[Round "1.97"]
[White "Rasmussen, Jonas H"]
[Black "Hansen, Herluf"]
[Result "0-1"]
[WhiteElo "1673"]
[BlackElo "2079"]
[PlyCount "104"]
[EventDate "2012.07.28"]

1. e4 e5 2. Nf3 Nc6 3. Bc4 Nf6 4. Ng5 d5 5. exd5 Na5 6. Bb5+ Bd7 7. Bxd7+ Qxd7
8. O-O Bd6 9. Nc3 Qf5 10. d3 O-O 11. Nge4 Be7 12. Nxf6+ Qxf6 13. Ne4 Qg6 14.
Bd2 b6 15. Bxa5 bxa5 16. Qe1 Bb4 17. c3 Be7 18. Rb1 Rae8 19. Qe3 f5 20. Nd2 Bg5
21. Qe2 e4 22. dxe4 fxe4 23. Nc4 Bf4 24. Ne3 Qg5 25. Rbd1 Rf6 26. g3 h5 27. Ng2
Bd6 28. h4 Qg6 29. Qe3 Rf3 30. Qxa7 e3 31. fxe3 Qxg3 32. Rxf3 Qxf3 33. Rf1 Qg3
34. Rf5 Qh3 35. Rf4 Bxf4 36. exf4 Re2 37. Qa8+ Kh7 38. d6 Qg3 39. Kh1 cxd6 40.
Qd5 Qg6 41. f5 Qg3 42. f6 Re5 43. Qb7 Rf5 44. Qe4 Qg6 45. Nf4 Qxf6 46. Nxh5 Qe5
47. Qc2 g6 48. b4 Rxh5 49. Qf2 Rf5 50. Qa7+ Kh6 51. Qg1 Qe2 52. a3 Rf1 0-1

[Event "Politiken Cup 2012"]
[Site "Helsingør "]
[Date "2012.07.28"]
[Round "1.98"]
[White "Nilsson, Patrik 1978"]
[Black "Skovle, Lars"]
[Result "1-0"]
[WhiteElo "2078"]
[BlackElo "1670"]
[PlyCount "51"]
[EventDate "2012.07.28"]

1. e4 Nf6 2. e5 Nd5 3. Nf3 d6 4. exd6 Qxd6 5. d4 Bg4 6. Be2 g6 7. O-O Bg7 8. h3
Bf5 9. Bd3 Bxd3 10. Qxd3 Nc6 11. c3 O-O 12. Na3 Rad8 13. Nb5 Qd7 14. Re1 Rfe8
15. Bg5 f6 16. Bh4 Nf4 17. Qe4 g5 18. Bg3 Ng6 19. Qe6+ Kf8 20. Qxd7 Rxd7 21.
Re2 Nd8 22. Rae1 c6 23. Nd6 Rxd6 24. Bxd6 Nf7 25. Ba3 Nf4 26. Rxe7 1-0

[Event "Politiken Cup 2012"]
[Site "Helsingør "]
[Date "2012.07.28"]
[Round "1.99"]
[White "Emborg, Jens"]
[Black "Skjoldager, Mikael"]
[Result "0-1"]
[WhiteElo "1649"]
[BlackElo "2077"]
[PlyCount "42"]
[EventDate "2012.07.28"]

1. e4 e5 2. Nf3 Nc6 3. Nc3 Nf6 4. d4 exd4 5. Nxd4 Bb4 6. Nxc6 bxc6 7. Bd3 d5 8.
exd5 cxd5 9. Bb5+ Bd7 10. O-O c6 11. Re1+ Be7 12. Bd3 O-O 13. Bg5 Re8 14. Qf3
h6 15. Bxf6 Bxf6 16. Re2 Qb6 17. Rxe8+ Rxe8 18. Nd1 Re1+ 19. Bf1 Qa6 20. Qd3
Qxd3 21. cxd3 Bf5 0-1

[Event "Politiken Cup 2012"]
[Site "Helsingør "]
[Date "2012.07.28"]
[Round "1.100"]
[White "Andersen, Rune Egede"]
[Black "Olsen, Karsten Kierkegaard"]
[Result "1-0"]
[WhiteElo "2076"]
[BlackElo "1618"]
[PlyCount "65"]
[EventDate "2012.07.28"]

1. e4 c6 2. c4 g6 3. Nc3 Bg7 4. d4 d6 5. Bg5 Qb6 6. Nf3 Bg4 7. Na4 Qa5+ 8. Bd2
Qd8 9. Bc3 e6 10. Be2 Bxf3 11. Bxf3 Nd7 12. b3 e5 13. O-O Ne7 14. c5 d5 15.
exd5 cxd5 16. dxe5 Nxe5 17. Re1 Nxf3+ 18. Qxf3 O-O 19. Rad1 d4 20. Qxb7 Nf5 21.
Bd2 Qh4 22. Qe4 Qf6 23. Nb2 Rfe8 24. Qxe8+ Rxe8 25. Rxe8+ Bf8 26. Rde1 Kg7 27.
Nd3 Qa6 28. Nb4 Qb5 29. Rc8 Qd7 30. Ree8 Bxc5 31. Rg8+ Kf6 32. Rxc5 Qe7 33.
Nd5+ 1-0

[Event "Politiken Cup 2012"]
[Site "Helsingør "]
[Date "2012.07.28"]
[Round "1.101"]
[White "Brondum, Jan Kraul"]
[Black "Thaler, Toni"]
[Result "0-1"]
[WhiteElo "1647"]
[BlackElo "2075"]
[PlyCount "57"]
[EventDate "2012.07.28"]

1. e4 c5 2. Nf3 Nc6 3. d4 cxd4 4. Nxd4 Nf6 5. Nc3 e5 6. Ndb5 d6 7. Bg5 a6 8.
Na3 Be6 9. Bc4 Be7 10. Bxf6 Bxf6 11. Bxe6 fxe6 12. Ne2 Rc8 13. Rc1 O-O 14. c3
Bg5 15. Rc2 b5 16. O-O d5 17. exd5 exd5 18. Nb1 d4 19. cxd4 exd4 20. Rc5 Bf6
21. Qb3+ Kh8 22. Rd1 Qb6 23. Rh5 g6 24. Rh3 Rce8 25. Nf4 Ne5 26. Nd5 Qd6 27.
Nxf6 Qxf6 28. Qg3 Ng4 29. f3 0-1

[Event "Politiken Cup 2012"]
[Site "Helsingør "]
[Date "2012.07.28"]
[Round "1.102"]
[White "Elenius, Erik"]
[Black "Hagen, Thorolf"]
[Result "1-0"]
[WhiteElo "2069"]
[BlackElo "1641"]
[PlyCount "81"]
[EventDate "2012.07.28"]

1. e4 e5 2. f4 Bc5 3. Nf3 Nc6 4. c3 d6 5. Bb5 a6 6. Bxc6+ bxc6 7. d4 exd4 8.
cxd4 Bb6 9. O-O Nf6 10. Nc3 O-O 11. Kh1 Bg4 12. h3 Bxf3 13. Rxf3 Qd7 14. Qd3
Nh5 15. g4 Nf6 16. Be3 Ba5 17. g5 Nh5 18. Rg1 Bxc3 19. bxc3 f5 20. gxf6 Rxf6
21. f5 Kh8 22. Bg5 Rf7 23. Rgf1 Nf6 24. e5 dxe5 25. dxe5 Qxd3 26. Rxd3 Rd7 27.
Rfd1 Rxd3 28. Rxd3 Ne4 29. Bh4 Kg8 30. Kg2 h6 31. Kf3 Nc5 32. Rd4 Rf8 33. Rf4
g5 34. fxg6 Rxf4+ 35. Kxf4 Ne6+ 36. Kf5 Ng7+ 37. Kg4 h5+ 38. Kg5 Kf8 39. Kf6
Ne8+ 40. Ke6 Kg7 41. Ke7 1-0

[Event "Politiken Cup 2012"]
[Site "Helsingør "]
[Date "2012.07.28"]
[Round "1.103"]
[White "Kristiansen, Espen"]
[Black "Nielsen, Klaus"]
[Result "0-1"]
[WhiteElo "1634"]
[BlackElo "2069"]
[PlyCount "22"]
[EventDate "2012.07.28"]

1. d4 d5 2. c4 e6 3. Nc3 c5 4. cxd5 cxd4 5. Ne4 Qxd5 6. Nd2 Nc6 7. Ngf3 e5 8.
Nb3 a5 9. a4 Be6 10. Nfd2 Bb4 11. e4 Qxb3 0-1

[Event "Politiken Cup 2012"]
[Site "Helsingør "]
[Date "2012.07.28"]
[Round "1.107"]
[White "Jensen, Jonbert"]
[Black "Larsen, Mikael"]
[Result "0-1"]
[WhiteElo "1632"]
[BlackElo "2067"]
[PlyCount "54"]
[EventDate "2012.07.28"]

1. e4 c5 2. Nf3 Nc6 3. d4 cxd4 4. Nxd4 Nf6 5. Nc3 d6 6. Bb5 Bd7 7. O-O g6 8.
Nxc6 bxc6 9. Bd3 Bg7 10. Rb1 O-O 11. b3 Ng4 12. Bb2 Qa5 13. Na4 Bxb2 14. Rxb2
Qe5 15. g3 Qh5 16. h4 g5 17. Qd2 gxh4 18. Qf4 hxg3 19. Qxg3 Kh8 20. f3 Rg8 21.
fxg4 Rxg4 22. Qxg4 Bxg4 23. Kf2 Qh4+ 24. Ke3 Qg5+ 25. Kf2 Qd2+ 26. Kg1 Rg8 27.
Rf2 Bf3+ 0-1

[Event "Politiken Cup 2012"]
[Site "Helsingør "]
[Date "2012.07.28"]
[Round "1.108"]
[White "Schmied, Andreas"]
[Black "Kyrkjebo, Marte B"]
[Result "1-0"]
[WhiteElo "2067"]
[BlackElo "1632"]
[PlyCount "123"]
[EventDate "2012.07.28"]

1. d4 d5 2. c4 c6 3. Nf3 Nf6 4. Nc3 a6 5. a4 e6 6. e3 a5 7. Be2 Be7 8. O-O Na6
9. b3 O-O 10. Bb2 Nb4 11. Re1 b6 12. Ne5 Ba6 13. Na2 Qc7 14. Qc1 c5 15. Nxb4
axb4 16. Qc2 Nd7 17. Nxd7 Qxd7 18. Rad1 Bf6 19. cxd5 exd5 20. dxc5 Bxb2 21.
Qxb2 bxc5 22. Qe5 Rfd8 23. Bf3 Bb7 24. Bxd5 Bxd5 25. e4 Qe6 26. exd5 Qxe5 27.
Rxe5 Rd6 28. Re7 Rc8 29. Rb7 Kf8 30. Rb5 Ke7 31. Kf1 Kf6 32. f4 Rc7 33. Kf2 Kf5
34. Kf3 h6 35. a5 Rc8 36. Rb6 Rcd8 37. g4+ Kf6 38. Rxd6+ Rxd6 39. Ke4 Ke7 40.
Rc1 Kd7 41. Rxc5 Rg6 42. h3 Ra6 43. Rb5 Kc7 44. f5 g6 45. fxg6 fxg6 46. Ke5 Kd7
47. Kd4 Kc7 48. Kc5 g5 49. Kxb4 Rd6 50. Kc5 Ra6 51. b4 Kd7 52. Rb6 Ra7 53. Rxh6
Rc7+ 54. Kb6 Rc8 55. b5 Rb8+ 56. Kc5 Rc8+ 57. Kb4 Rb8 58. a6 Kc7 59. Kc5 Kd7
60. Rh7+ Kd8 61. Rh8+ Kc7 62. d6+ 1-0

[Event "Politiken Cup 2012"]
[Site "Helsingør "]
[Date "2012.07.28"]
[Round "1.109"]
[White "Petersen, Jan"]
[Black "Skjoldager, Per"]
[Result "0-1"]
[WhiteElo "1632"]
[BlackElo "2062"]
[PlyCount "60"]
[EventDate "2012.07.28"]

1. d4 Nf6 2. c4 e6 3. Nc3 b6 4. e4 Bb7 5. e5 Ng8 6. Nf3 d5 7. cxd5 exd5 8. Bb5+
c6 9. Bd3 Na6 10. Qe2 Nc7 11. Ng5 g6 12. e6 Nxe6 13. Nxe6 fxe6 14. Qxe6+ Qe7
15. Qxe7+ Nxe7 16. O-O Bg7 17. Re1 Kf7 18. Bg5 Rhe8 19. Rac1 Rac8 20. Re2 Bxd4
21. Rce1 Ng8 22. Rxe8 Rxe8 23. Rc1 Nf6 24. Bxf6 Kxf6 25. g4 Kg5 26. h3 Rf8 27.
Rf1 Bxc3 28. bxc3 Rf3 29. Be2 Rxc3 30. h4+ Kf4 0-1

[Event "Politiken Cup 2012"]
[Site "Helsingør "]
[Date "2012.07.28"]
[Round "1.110"]
[White "Carnstam, Tomas"]
[Black "Lie, Terje"]
[Result "1-0"]
[WhiteElo "2060"]
[BlackElo "1626"]
[PlyCount "127"]
[EventDate "2012.07.28"]

1. d4 Nf6 2. c4 e6 3. Nc3 Bb4 4. Qc2 O-O 5. Nf3 b6 6. Bg5 Bb7 7. Nd2 Be7 8. e3
d5 9. Bxf6 Bxf6 10. cxd5 exd5 11. Bd3 g6 12. Qb3 c6 13. Nf3 Bg7 14. h4 Nd7 15.
h5 Qf6 16. hxg6 fxg6 17. Ne4 Qe7 18. Ke2 Nf6 19. Neg5 h6 20. Nh3 g5 21. Ne5 Qe6
22. f4 g4 23. f5 Qd6 24. Nf4 Rfe8 25. Ne6 Rab8 26. Kd2 c5 27. Nxg7 Kxg7 28. Qa3
a5 29. Rh4 h5 30. Rah1 Rh8 31. Ng6 Rh6 32. Nf4 Rbh8 33. dxc5 bxc5 34. Ne6+ Kf7
35. Qxc5 Qxc5 36. Nxc5 Bc8 37. g3 Ke7 38. Nb3 a4 39. Nd4 Kd6 40. Rc1 Bd7 41. b4
axb3 42. axb3 Re8 43. Ra1 Rc8 44. Rhh1 Rhh8 45. Ra7 Rc7 46. Rxc7 Kxc7 47. Ne2
Kd6 48. Nf4 Kc5 49. Rc1+ Kd6 50. Ra1 Rb8 51. Ra6+ Bc6 52. Kc3 Rc8 53. b4 Ke7
54. Kd4 Bb7 55. Ra7 Rc7 56. Ne6 Ne4 57. Bxe4 Rd7 58. Nc5 dxe4+ 59. Nxd7 Bc6 60.
Ne5+ Kf6 61. Rf7+ Kg5 62. Nxc6 h4 63. gxh4+ Kxh4 64. Rg7 1-0

[Event "Politiken Cup 2012"]
[Site "Helsingør "]
[Date "2012.07.28"]
[Round "1.112"]
[White "Taksrud, Vidar"]
[Black "Wadtland, Flemming"]
[Result "1-0"]
[WhiteElo "2057"]
[BlackElo "1612"]
[PlyCount "29"]
[EventDate "2012.07.28"]

1. Nf3 c5 2. c4 g6 3. g3 Bg7 4. Bg2 e6 5. O-O Ne7 6. d4 d5 7. cxd5 cxd4 8. Nxd4
Nxd5 9. Nc3 Nxc3 10. bxc3 O-O 11. Ba3 Re8 12. Nb5 Qxd1 13. Raxd1 Na6 14. Nd6
Re7 15. Nxc8 1-0

[Event "Politiken Cup 2012"]
[Site "Helsingør "]
[Date "2012.07.28"]
[Round "1.113"]
[White "Gade, Jens"]
[Black "Kramer, Julian"]
[Result "0-1"]
[WhiteElo "1578"]
[BlackElo "2048"]
[PlyCount "58"]
[EventDate "2012.07.28"]

1. f4 d5 2. Nf3 Nf6 3. e3 c5 4. Be2 Nc6 5. O-O g6 6. d3 Bg7 7. Bd2 O-O 8. c3
Qc7 9. Na3 Rd8 10. Nc2 e5 11. fxe5 Nxe5 12. d4 Nc4 13. Bxc4 dxc4 14. Ne5 Be6
15. Qe2 Ne4 16. Be1 Bxe5 17. dxe5 Qxe5 18. Rd1 Rxd1 19. Qxd1 f5 20. Bh4 Kg7 21.
Qe2 g5 22. Bf2 Rd8 23. Be1 h6 24. Na3 Qd5 25. Nb5 Qc6 26. Na3 b5 27. Nb1 Qd5
28. g3 Qd3 29. Qf3 Qxb1 0-1

[Event "Politiken Cup 2012"]
[Site "Helsingør "]
[Date "2012.07.28"]
[Round "1.115"]
[White "Jacobsen, Caroline Beer"]
[Black "Rydstrom, Tom"]
[Result "0-1"]
[WhiteElo "1587"]
[BlackElo "2046"]
[PlyCount "118"]
[EventDate "2012.07.28"]

1. e4 e5 2. Nf3 Nc6 3. Bb5 a6 4. Ba4 Nf6 5. O-O Be7 6. Re1 b5 7. Bb3 d6 8. c3
O-O 9. h3 Na5 10. Bc2 c5 11. d4 cxd4 12. cxd4 Qc7 13. Nbd2 Nc6 14. Nb3 a5 15.
Be3 a4 16. Nbd2 Bd7 17. a3 Rac8 18. d5 Nb4 19. Bb1 Nc2 20. Bxc2 Qxc2 21. Qxc2
Rxc2 22. Reb1 Rfc8 23. Ne1 R2c7 24. Bb6 Rb7 25. Ba5 Nh5 26. Rc1 Ra8 27. Bb4 Nf4
28. Kf1 f5 29. f3 h5 30. Rc3 fxe4 31. fxe4 Rf8 32. Nef3 g5 33. Rac1 Rbb8 34.
Rc7 Rbd8 35. Ba5 g4 36. hxg4 hxg4 37. Ra7 gxf3 38. Nxf3 b4 39. Rb7 Bc8 40. Bxd8
Bxb7 41. Bxe7 Ba6+ 42. Kg1 Ne2+ 43. Kh2 Nxc1 44. Bxf8 Kxf8 45. g4 Nd3 46. Nd2
Nxb2 47. axb4 Nc4 48. Nb1 a3 49. Nc3 Ne3 50. Kg3 Nd1 51. Na2 Bc4 52. b5 Bxb5
53. Kh4 Bc4 54. Nc1 Nc3 55. Kh5 Ne2 56. Kh6 Nxc1 57. g5 a2 58. g6 a1=Q 59. g7+
Kg8 0-1

[Event "Politiken Cup 2012"]
[Site "Helsingør "]
[Date "2012.07.28"]
[Round "1.116"]
[White "Pedersen, Jan Kaas"]
[Black "Skjolas, Erling Dyrhaug"]
[Result "1-0"]
[WhiteElo "2044"]
[BlackElo "1581"]
[PlyCount "69"]
[EventDate "2012.07.28"]

1. d4 e6 2. Nf3 d5 3. Bg5 Nf6 4. e3 Be7 5. Nbd2 Nbd7 6. Bd3 c5 7. c3 c4 8. Bc2
O-O 9. h4 h6 10. Qb1 Bd6 11. e4 hxg5 12. hxg5 Nxe4 13. Nxe4 dxe4 14. Bxe4 f5
15. gxf6 Nxf6 16. Bg6 Bf4 17. g3 Bh6 18. Ne5 Qd5 19. Ke2 b5 20. Rh4 Bb7 21. f3
Nd7 22. Bh7+ Kh8 23. Ng6+ Kxh7 24. Ne7+ Qf5 25. Nxf5 exf5 26. g4 g5 27. Rh3 Kg6
28. gxf5+ Rxf5 29. Rxh6+ Kxh6 30. Qxf5 Re8+ 31. Kd2 Re7 32. Rh1+ Kg7 33. Rh7+
Kg8 34. Qg6+ Kf8 35. Rh8# 1-0

[Event "Politiken Cup 2012"]
[Site "Helsingør "]
[Date "2012.07.28"]
[Round "1.114"]
[White "Pedersen, Christopher R N H"]
[Black "Jensen, Hans Askov"]
[Result "1-0"]
[WhiteElo "2041"]
[BlackElo "1592"]
[PlyCount "55"]
[EventDate "2012.07.28"]

1. e4 e5 2. Bc4 Nf6 3. d3 Bc5 4. Nf3 O-O 5. O-O d6 6. h3 a6 7. Bg5 h6 8. Bh4
Be6 9. Bxe6 fxe6 10. c3 Qe8 11. d4 exd4 12. cxd4 Bb6 13. Re1 Nbd7 14. Nc3 Rd8
15. Qb3 c5 16. e5 cxd4 17. exf6 dxc3 18. Rxe6 Nc5 19. Rxe8+ Nxb3 20. Rxf8+ Rxf8
21. axb3 cxb2 22. Rb1 gxf6 23. Rxb2 Bc7 24. Re2 d5 25. Re7 Bd6 26. Rd7 Bf4 27.
Rxd5 Rc8 28. g3 1-0

[Event "Politiken Cup 2012"]
[Site "Helsingør "]
[Date "2012.07.28"]
[Round "1.119"]
[White "Dyrhaug, Sverre S"]
[Black "Hyldkrog, Lars"]
[Result "0-1"]
[WhiteElo "1551"]
[BlackElo "2041"]
[PlyCount "82"]
[EventDate "2012.07.28"]

1. e4 e6 2. d4 d5 3. Nc3 Bb4 4. e5 c5 5. dxc5 Nc6 6. Nf3 Nge7 7. Bd2 Ng6 8. a3
Bxc5 9. b4 Be7 10. Bb5 O-O 11. Bxc6 bxc6 12. O-O a5 13. Ne2 Qc7 14. Ned4 axb4
15. axb4 Bb7 16. Re1 c5 17. bxc5 Bxc5 18. c3 Ba6 19. Ng5 h6 20. Ngxe6 fxe6 21.
Nxe6 Bxf2+ 22. Kh1 Qb6 23. Nxf8 Rxf8 24. Qb1 Bxe1 25. Qxb6 Rf1+ 26. Qg1 Rxg1+
27. Kxg1 Bxd2 28. Rxa6 Nxe5 29. Rd6 Ng4 30. Rxd5 Bxc3 31. Rd3 Bf6 32. h3 Ne5
33. Re3 Kf7 34. g4 Nxg4 35. hxg4 Bd4 36. Kf2 Kf6 37. Ke2 Bxe3 38. Kxe3 Kg5 39.
Kf3 Kh4 40. Kf4 g5+ 41. Kf3 Kh3 0-1